000 00693nam a2200193 i 4500
001 35028
003 ES-MaACL
005 20230906155035.0
007 t|
008 030211s1978 mx ||||1| spa d
080 _a947"1917/21"(093.2)
245 0 4 _aLos bolcheviques y la revolución de octubre
_b: actas del Comité Central del Partido Obrero Socialdemócrata Ruso /
_c[introducción de Max Figueroa y Carlos Álvarez].
250 _a[2ª ed.].
260 _aMéxico :
_bPasado y Presente,
_c[1978]
300 _aXXX, 288 p. ;
_c21 cm.
651 4 _aRusia-
_xHistoria-
_y1917-1921, Revolución-
_vFuentes.
_99338
700 1 _aFigueroa, Max.
_950787
852 _aES-MaACL
_jA-10184
_bR.99465
999 _c35028
_d35028